000 00261nam a22001217a 4500
999 _c534336
_d534336
040 _cMSOHAIL
082 _a629.225
100 _aNISTE
_913498
245 _aEarth Moving Machinery
260 _aIslamabad
_bNISTE
_cc2003
300 _a196;p
942 _2ddc
_cBK